| 000 | 00538nam a22001697a 4500 | ||
|---|---|---|---|
| 999 |
_c9269 _d9269 |
||
| 003 | AR-CdUCM | ||
| 008 | 190327b ||||| |||| 00| 0 spa d | ||
| 040 |
_aMUNICIPALIDAD PROVINCIAL DEL CUSCO _cBIBLIOTECA MUNICIPAL DEL CUSCO |
||
| 082 |
_a869.1 / _bAN545 |
||
| 100 |
_aAnderson Imbert, Enrique _9603 |
||
| 245 |
_aHistoria de la literatura hispanoamericana : _bII época contemporánea / |
||
| 260 |
_aMexico : _bFCE, _c1961. |
||
| 300 |
_a388 páginas ; _c17 cm. |
||
| 440 |
_aBreviario _n89 _925366 |
||
| 942 |
_2ddc _cLIBROS |
||
| 945 | _awfj | ||